[Event "V Open"]
[Site "Crema ITA"]
[Date "2003.09.07"]
[Round "5"]
[White "Mussap, Angelo"]
[Black "Agnelli, Francesco"]
[Result "0-1"]
[WhiteElo "1831"]
[BlackElo "2102"]
[PlyCount "102"]
[EventDate "2003.09.05"]

1. d4 Nf6 2. c4 g6 3. Nc3 Bg7 4. e4 d6 5. Nf3 O-O 6. h3 e5 7. d5 Na6 8. Be3 Nc5
9. Qc2 a5 10. Be2 Nh5 11. g3 f5 12. Bxc5 dxc5 13. Nd2 Nf6 14. O-O-O fxe4 15.
Ndxe4 Nxe4 16. Nxe4 Bf5 17. Bd3 b6 18. Nc3 Bd7 19. Be4 Qf6 20. Rdf1 Rae8 21. g4
Qh4 22. f3 Bh6+ 23. Kb1 Be3 24. Qg2 Kg7 25. Qe2 Qg5 26. Nd1 Bd4 27. h4 Qf4 28.
b3 a4 29. Bc2 axb3 30. axb3 Ra8 31. Nb2 Bxb2 32. Kxb2 Qd4+ 33. Kc1 Ra1+ 34. Bb1
Rfa8 35. Qb2 Qe3+ 36. Kc2 b5 37. Re1 Qxf3 38. Qxe5+ Kg8 39. d6 cxd6 40. Qd5+
Qxd5 41. cxd5 Bxg4 42. Rhg1 Bf5+ 43. Kb2 Bxb1 44. Rxb1 R8a2+ 45. Kc3 Rxb1 46.
Rxb1 Rh2 47. b4 c4 48. Ra1 Rh3+ 49. Kc2 Rd3 50. Ra7 Rxd5 51. Rb7 Rh5 0-1

[Event "V Open"]
[Site "Crema ITA"]
[Date "2003.09.07"]
[Round "5"]
[White "Pancioni, Marco"]
[Black "Ferrero, Oscar"]
[Result "1-0"]
[WhiteElo "1597"]
[BlackElo "1611"]
[PlyCount "87"]
[EventDate "2003.09.05"]

1. d4 f5 2. c4 Nf6 3. Nc3 e6 4. Nf3 Bb4 5. Bd2 Bxc3 6. Bxc3 Ne4 7. Qc2 Nxc3 8.
Qxc3 Qf6 9. Rc1 c5 10. e3 b6 11. Be2 Bb7 12. O-O O-O 13. dxc5 Qxc3 14. Rxc3
bxc5 15. Rd1 d5 16. cxd5 Bxd5 17. Ne5 Rc8 18. Rdc1 c4 19. Bxc4 Bxc4 20. Rxc4
Rxc4 21. Rxc4 Na6 22. a3 Rd8 23. g3 Re8 24. Rc6 Nb8 25. Rc7 a6 26. b4 Kf8 27.
Nc6 Nxc6 28. Rxc6 Ra8 29. Rxe6 Kf7 30. Rb6 Ra7 31. Kg2 a5 32. b5 a4 33. Ra6 Rb7
34. Rxa4 Rxb5 35. Rb4 Rxb4 36. axb4 Ke6 37. Kf3 Kd5 38. Kf4 g6 39. Kg5 Kc4 40.
Kh6 Kxb4 41. Kxh7 g5 42. Kg6 f4 43. exf4 gxf4 44. gxf4 1-0

[Event "V Open"]
[Site "Crema ITA"]
[Date "2003.09.07"]
[Round "5"]
[White "Panizzi, Giuseppe"]
[Black "Dordoni, Dario"]
[Result "1-0"]
[WhiteElo "1844"]
[BlackElo "1600"]
[PlyCount "75"]
[EventDate "2003.09.05"]

1. d4 d5 2. Nf3 Nf6 3. Bf4 Bf5 4. e3 e6 5. Bd3 Bxd3 6. Qxd3 Bd6 7. Bg5 Nbd7 8.
Nbd2 h6 9. Bh4 c6 10. O-O Qb8 11. e4 dxe4 12. Nxe4 Nxe4 13. Qxe4 Be7 14. Bxe7
Kxe7 15. Rfe1 Re8 16. Rad1 Nf6 17. Qh4 Kf8 18. Ne5 Qd8 19. Rd3 Nd5 20. Qe4 Nf6
21. Qf4 Qe7 22. Rf3 Kg8 23. g4 Rf8 24. h4 Nd7 25. g5 Nxe5 26. dxe5 h5 27. Rd3
Rad8 28. Rd6 Rd7 29. Red1 Rc7 30. c4 f6 31. exf6 gxf6 32. g6 Qg7 33. R1d3 Re7
34. Rg3 Qh8 35. Qd2 Kg7 36. f4 Qh6 37. Rd7 Rfe8 38. Qd6 1-0

[Event "V Open"]
[Site "Crema ITA"]
[Date "2003.09.07"]
[Round "5"]
[White "Potenza, Gaetano"]
[Black "Ruggeri, Dario"]
[Result "0-1"]
[WhiteElo "1522"]
[BlackElo "1714"]
[PlyCount "54"]
[EventDate "2003.09.05"]

1. e4 e5 2. Nf3 Nf6 3. Nxe5 d6 4. Nf3 Nxe4 5. d4 d5 6. Bd3 Be7 7. O-O Nc6 8. h3
O-O 9. Bf4 Bd6 10. Be5 Nxe5 11. Nxe5 f5 12. f4 c6 13. Qf3 Qb6 14. Nc3 Qxd4+ 15.
Kh1 Bxe5 16. Bxe4 fxe4 17. Qh5 Bd6 18. Rad1 Qf6 19. Nxd5 Qf5 20. Qxf5 Bxf5 21.
Ne3 Bc5 22. Nxf5 Rxf5 23. Rd7 Rf7 24. Rfd1 Rxd7 25. Rxd7 e3 26. Rd1 e2 27. Re1
Re8 0-1

[Event "V Open"]
[Site "Crema ITA"]
[Date "2003.09.07"]
[Round "5"]
[White "Reduzzi, Maurizio"]
[Black "Castrogiovanni, Carlo"]
[Result "1/2-1/2"]
[WhiteElo "1749"]
[BlackElo "2068"]
[PlyCount "91"]
[EventDate "2003.09.05"]

1. d4 Nf6 2. Nf3 c5 3. c4 g6 4. g3 Bg7 5. Bg2 O-O 6. O-O d6 7. Nc3 Nc6 8. e3
Bd7 9. b3 Qc8 10. Bb2 Bh3 11. d5 Ne5 12. Nxe5 dxe5 13. Qc2 Bxg2 14. Kxg2 Ne8
15. Ne4 h6 16. f4 f5 17. Nd2 e4 18. Bxg7 Kxg7 19. Qc3+ Kf7 20. a3 Nf6 21. Rac1
e6 22. dxe6+ Qxe6 23. Rcd1 Rfd8 24. Nb1 Rd6 25. Rd2 Rad8 26. Rfd1 R8d7 27. b4
b6 28. bxc5 bxc5 29. h3 Rxd2+ 30. Rxd2 Rxd2+ 31. Nxd2 Qd7 32. Kf2 Qd3 33. Qxd3
exd3 34. Nb3 Ne4+ 35. Ke1 Ke7 36. Kd1 Nd6 37. Na5 Kd7 38. Kd2 Ne4+ 39. Kxd3
Nxg3 40. Nb3 Ne4 41. h4 Kc6 42. Nd2 Nxd2 43. Kxd2 Kd6 44. Kc3 Kc6 45. Kb3 Kb6
46. Ka4 1/2-1/2

[Event "V Open"]
[Site "Crema ITA"]
[Date "2003.09.07"]
[Round "5"]
[White "Scotti, Luigi"]
[Black "Marchiano, Nicola"]
[Result "1/2-1/2"]
[WhiteElo "1507"]
[BlackElo "1675"]
[PlyCount "51"]
[EventDate "2003.09.05"]

1. e4 c6 2. Nc3 d5 3. Nf3 Bg4 4. d4 dxe4 5. Nxe4 Bxf3 6. gxf3 e5 7. Be3 f5 8.
Bg5 Be7 9. Bxe7 Nxe7 10. Nc5 Qd6 11. Nb3 Nd7 12. Qd2 exd4 13. Qxd4 Qxd4 14.
Nxd4 O-O-O 15. O-O-O Ne5 16. Bh3 g6 17. Rhe1 Rxd4 18. Rxd4 Nxf3 19. Rxe7 Nxd4
20. Bg2 f4 21. c3 Nb5 22. Bh3+ Kb8 23. a4 Nc7 24. Bg4 h5 25. Bf3 g5 26. h3
1/2-1/2

[Event "V Open"]
[Site "Crema ITA"]
[Date "2003.09.07"]
[Round "5"]
[White "Tomba, Patrizia"]
[Black "Garofalo, Sergio"]
[Result "0-1"]
[WhiteElo "1492"]
[BlackElo "1657"]
[PlyCount "80"]
[EventDate "2003.09.05"]

1. e4 e5 2. Nf3 Nc6 3. Bb5 g6 4. O-O Bg7 5. c3 h6 6. d4 exd4 7. cxd4 Nge7 8. e5
O-O 9. Nc3 d5 10. Bxc6 bxc6 11. h3 f6 12. exf6 Rxf6 13. Re1 Qf8 14. Qe2 Nf5 15.
Qe8 Ba6 16. Qxf8+ Raxf8 17. Bd2 Nxd4 18. Nxd4 Rxf2 19. Be3 Rxb2 20. Rac1 c5 21.
Ne6 Bxc3 22. Nxf8 Bxe1 23. Bxc5 Bd2 24. Ra1 Rc2 25. Ba3 Kf7 26. Nd7 Be3+ 27.
Kh1 d4 28. Ne5+ Kf6 29. Ng4+ Kf5 30. Nxe3+ dxe3 31. Bb4 Bc4 32. a3 Bd5 33. Rf1+
Ke5 34. Rg1 c5 35. Be1 c4 36. Bg3+ Kd4 37. Bb8 a6 38. Ba7+ Kd3 39. Rd1+ Rd2 40.
Rg1 c3 0-1

[Event "V Open"]
[Site "Crema ITA"]
[Date "2003.09.07"]
[Round "5"]
[White "Vecchia, Mario"]
[Black "Mazzariol, Oscar"]
[Result "1-0"]
[WhiteElo "1746"]
[BlackElo "2049"]
[PlyCount "85"]
[EventDate "2003.09.05"]

1. e4 c5 2. Nf3 e6 3. c3 d5 4. exd5 exd5 5. d4 c4 6. Bf4 Nc6 7. Be2 Nf6 8. Nbd2
Be7 9. Ne5 O-O 10. O-O Be6 11. h3 Bd6 12. g4 Qc7 13. Re1 Rfe8 14. Bh2 Nxe5 15.
dxe5 Bxe5 16. Bxe5 Qxe5 17. Bxc4 Qf4 18. Bf1 h5 19. gxh5 Qg5+ 20. Kh2 Nxh5 21.
Nf3 Qh6 22. Qd2 Nf4 23. Ng1 g5 24. Re3 Kh7 25. Rg3 Rg8 26. Bd3+ Kh8 27. Re1 Rg7
28. f3 Rag8 29. Bf1 Qh4 30. Qd4 f6 31. Ne2 Rg6 32. c4 dxc4 33. Nxf4 gxf4 34.
Rxg6 Rxg6 35. Rxe6 Qg3+ 36. Kh1 Qxf3+ 37. Kh2 Qxf1 38. Re8+ Kh7 39. Qd7+ Rg7
40. Qf5+ Rg6 41. Qh5+ Kg7 42. Qh8+ Kf7 43. Qf8# 1-0

[Event "V Open"]
[Site "Crema ITA"]
[Date "2003.09.07"]
[Round "6"]
[White "Agnelli, Francesco"]
[Black "Lovati, Paolo"]
[Result "1-0"]
[WhiteElo "2102"]
[BlackElo "2089"]
[PlyCount "41"]
[EventDate "2003.09.05"]

1. e4 d6 2. d4 Nf6 3. Nc3 c6 4. Bd3 e5 5. Nf3 exd4 6. Nxd4 g6 7. Bg5 Bg7 8. f3
Nbd7 9. Qd2 Nc5 10. Be2 h6 11. Be3 Ne6 12. O-O-O Nxd4 13. Qxd4 Ke7 14. e5 Ne8
15. exd6+ Qxd6 16. Qe4+ Qe6 17. Bc5+ Kf6 18. Qd4+ Qe5 19. Qd8+ Kf5 20. g4+ Kf4
21. Rd4+ 1-0

[Event "V Open"]
[Site "Crema ITA"]
[Date "2003.09.07"]
[Round "6"]
[White "Bassi, Serena"]
[Black "Brunelli, Giovanni"]
[Result "0-1"]
[WhiteElo "1347"]
[BlackElo "1642"]
[PlyCount "100"]
[EventDate "2003.09.05"]

1. e4 c5 2. Nc3 Nc6 3. g3 d6 4. Bg2 Nf6 5. d3 e6 6. f4 Be7 7. Nf3 O-O 8. O-O
Qc7 9. Be3 a6 10. a3 Rb8 11. Rb1 b5 12. b4 cxb4 13. axb4 Nxb4 14. Rxb4 Qxc3 15.
Bd2 Qc5+ 16. d4 Qb6 17. e5 Ne4 18. Rb1 Rd8 19. c4 dxe5 20. fxe5 Rxd4 21. Nxd4
Qxd4+ 22. Kh1 Nxd2 23. Rf4 Qd7 24. Rb2 Nxc4 25. Qxd7 Bxd7 26. Rxc4 bxc4 27.
Rxb8+ Bf8 28. Rb7 Bb5 29. Rc7 g6 30. Rc8 Kg7 31. Bf1 a5 32. Bxc4 Bxc4 33. Rxc4
h5 34. Kg2 g5 35. h3 Kg6 36. g4 hxg4 37. hxg4 Bg7 38. Rc5 a4 39. Ra5 a3 40. Kf3
Bf8 41. Ke4 f5+ 42. exf6 Kxf6 43. Ra6 Bc5 44. Ra5 Bd6 45. Ra6 Ke7 46. Ra7+ Kd8
47. Kd4 Kc8 48. Ra6 Kb7 49. Rxd6 a2 50. Rd7+ Kb6 0-1

[Event "V Open"]
[Site "Crema ITA"]
[Date "2003.09.07"]
[Round "6"]
[White "Bellani, Alessandro"]
[Black "Martino, Antonio M."]
[Result "0-1"]
[WhiteElo "1810"]
[BlackElo "1950"]
[PlyCount "64"]
[EventDate "2003.09.05"]

1. d4 b5 2. e4 a6 3. Nf3 Bb7 4. Bd3 e6 5. O-O Nf6 6. Qe2 Be7 7. Nbd2 d5 8. e5
Nfd7 9. a3 c5 10. c3 Nc6 11. g3 Qb6 12. dxc5 Nxc5 13. Bc2 Nd7 14. Nb3 Qc7 15.
Re1 h6 16. h4 g5 17. hxg5 hxg5 18. Bxg5 Bxg5 19. Nxg5 Qxe5 20. Qg4 Nf6 21. Nxf7
Nxg4 22. Nxe5 Ngxe5 23. Kg2 Kf7 24. Nc5 Bc8 25. Re2 Rh6 26. Rae1 Nc4 27. Bd3 e5
28. Bxc4 bxc4 29. Rd2 Bh3+ 30. Kf3 Rf6+ 31. Ke3 d4+ 32. Ke4 Bg2+ 0-1

[Event "V Open"]
[Site "Crema ITA"]
[Date "2003.09.07"]
[Round "6"]
[White "Bocci, Alessandro"]
[Black "Casartelli, Fabio"]
[Result "0-1"]
[WhiteElo "1630"]
[BlackElo "1717"]
[PlyCount "86"]
[EventDate "2003.09.05"]

1. d4 d5 2. Nf3 Nf6 3. c4 c6 4. cxd5 cxd5 5. Nc3 e6 6. Bf4 Nc6 7. e3 Bd7 8. a3
Rc8 9. Rc1 a6 10. Bd3 Be7 11. O-O O-O 12. Qe2 Nh5 13. Be5 Nxe5 14. Nxe5 g6 15.
Rc2 f6 16. Nf3 Bd6 17. Rfc1 Qe7 18. Na4 Rxc2 19. Qxc2 Rc8 20. Nc3 f5 21. Ne5
Kg7 22. Qd2 Nf6 23. Ne2 Ne4 24. Qd1 Rxc1 25. Qxc1 Bxe5 26. dxe5 Nc5 27. Qc3
Nxd3 28. Qxd3 Bb5 29. Qd2 Bxe2 30. Qxe2 Qc7 31. f4 Qc1+ 32. Kf2 d4 33. exd4
Qxf4+ 34. Kg1 Qxd4+ 35. Kf1 Kh6 36. h3 Kg5 37. g3 h5 38. h4+ Kh6 39. Kg2 g5 40.
hxg5+ Kxg5 41. Kh3 h4 42. Kg2 hxg3 43. Qf3 Qf2+ 0-1

[Event "V Open"]
[Site "Crema ITA"]
[Date "2003.09.07"]
[Round "6"]
[White "Bonade', Massimo"]
[Black "Bonazzi, Edoardo"]
[Result "0-1"]
[WhiteElo "2053"]
[BlackElo "2130"]
[PlyCount "102"]
[EventDate "2003.09.05"]

1. d4 Nf6 2. c4 c5 3. d5 b5 4. cxb5 a6 5. bxa6 Bxa6 6. Nc3 d6 7. e4 Bxf1 8.
Kxf1 g6 9. g3 Bg7 10. Kg2 Nbd7 11. Nge2 O-O 12. Rb1 Ra6 13. Bg5 Qa8 14. Qd2 e6
15. Rhd1 exd5 16. exd5 Re8 17. b3 Ne4 18. Nxe4 Rxe4 19. a4 Rb6 20. Be3 Reb4 21.
Qc2 Qb7 22. Nc3 Nf6 23. Kg1 Ng4 24. Nb5 Nxe3 25. fxe3 Qe7 26. Rd3 h5 27. Rf1
Re4 28. Rf3 Bh6 29. Qc3 Bg7 30. Qa5 Rb8 31. Qc7 Qxc7 32. Nxc7 c4 33. bxc4 Rxc4
34. Nb5 Be5 35. Ra3 Ra8 36. a5 Rc5 37. Rb3 Rxa5 38. Nd4 Bxd4 39. exd4 Rxd5 40.
Rb8+ Kg7 41. Rb7 Rf5 42. Re3 Ra4 43. Rd3 Ra1+ 44. Kg2 Ra2+ 45. Kg1 Rff2 46. h4
Rfd2 47. Rxd2 Rxd2 48. Rb4 Kf6 49. Kf1 Ke6 50. Ke1 Rg2 51. Rb3 Kd5 0-1

[Event "V Open"]
[Site "Crema ITA"]
[Date "2003.09.07"]
[Round "6"]
[White "Boninsegna, Ferdinando"]
[Black "Savarese, Vincenzo"]
[Result "0-1"]
[WhiteElo "1615"]
[BlackElo "1651"]
[PlyCount "130"]
[EventDate "2003.09.05"]

1. e4 e6 2. d4 d5 3. Nc3 Nf6 4. Bg5 dxe4 5. Nxe4 Be7 6. Bxf6 gxf6 7. Nf3 b6 8.
Qd3 Bb7 9. O-O-O Qd5 10. Qb5+ Nd7 11. Qxd5 Bxd5 12. Nc3 Bb7 13. Nb5 Bd6 14. Be2
a6 15. Nc3 O-O 16. Rhe1 Rfe8 17. g3 Rad8 18. Nh4 f5 19. f4 Nf6 20. Bf3 Bxf3 21.
Nxf3 Bb4 22. a3 Bxc3 23. bxc3 Ne4 24. Kb2 f6 25. Re2 c5 26. Nd2 cxd4 27. Nxe4
fxe4 28. Rxd4 f5 29. h3 Rd5 30. Rxd5 exd5 31. Kc1 h5 32. h4 Kf7 33. Kd2 Rc8 34.
Re3 Rc4 35. Kc1 b5 36. Kb2 a5 37. Kb3 Ke6 38. Kb2 b4 39. Kb3 a4+ 40. Kxa4 Rxc3
41. Rxc3 bxc3 42. Kb3 d4 43. Kc4 e3 44. Kd3 Kd5 45. a4 Kc6 46. a5 Kb5 47. a6
Kxa6 48. g4 hxg4 49. h5 g3 50. h6 g2 51. h7 g1=Q 52. h8=Q Qf1+ 53. Kxd4 Qxf4+
54. Kxc3 Qd6 55. Qg8 f4 56. Kb2 Kb5 57. Qg5+ Kc4 58. Qg8+ Qd5 59. Qc8+ Kd4 60.
Qh8+ Qe5 61. c3+ Ke4 62. Qa8+ Kd3 63. Qd8+ Ke2 64. Kc2 Qe4+ 65. Kb2 f3 0-1

[Event "V Open"]
[Site "Crema ITA"]
[Date "2003.09.07"]
[Round "6"]
[White "Calisi, Elia"]
[Black "Mussap, Angelo"]
[Result "1-0"]
[WhiteElo "1693"]
[BlackElo "1831"]
[PlyCount "123"]
[EventDate "2003.09.05"]

1. c4 f5 2. Nc3 Nf6 3. g3 g6 4. Bg2 c6 5. e3 Bg7 6. Nge2 O-O 7. O-O e5 8. d3
Kh8 9. Rb1 d5 10. cxd5 cxd5 11. d4 e4 12. b4 a6 13. Na4 Nbd7 14. Bb2 b5 15. Nc5
Nb6 16. a4 Nc4 17. Bc3 Qb6 18. a5 Qd6 19. h3 g5 20. Kh2 Bh6 21. Bd2 Be6 22. Kg1
Bf7 23. Re1 Bh5 24. Qc1 Rae8 25. Ra1 Nd7 26. Ra2 Rf6 27. Rc2 Nf8 28. Rc3 Ng6
29. Qc2 Bxe2 30. Rxe2 f4 31. exf4 gxf4 32. gxf4 Bxf4 33. Bxf4 Nxf4 34. Re1 Rg8
35. Rg3 Rfg6 36. Qc3 Nxg2 37. Kxg2 e3 38. Rexe3 Nxe3+ 39. Qxe3 Rxg3+ 40. fxg3
Rf8 41. Qe5+ Rf6 42. h4 Kg8 43. Nd7 Qxe5 44. dxe5 Rc6 45. Nc5 Kf7 46. Kf3 Ke7
47. h5 Kd8 48. Kf4 Ke7 49. Kf5 Rxc5 50. bxc5 b4 51. c6 b3 52. c7 Kd7 53. e6+
Kxc7 54. Kf6 b2 55. e7 b1=Q 56. e8=Q Kd6 57. Qe6+ Kc5 58. Qe7+ Kc6 59. Qe6+ Kc5
60. Qe7+ Kc4 61. Qc7+ Kd4 62. Qb6+ 1-0

[Event "V Open"]
[Site "Crema ITA"]
[Date "2003.09.07"]
[Round "6"]
[White "Castrogiovanni, Carlo"]
[Black "Giannetta, Paolo"]
[Result "1/2-1/2"]
[WhiteElo "2068"]
[BlackElo "1705"]
[PlyCount "96"]
[EventDate "2003.09.05"]

1. Nf3 d6 2. d4 g6 3. c4 f5 4. Nc3 Nf6 5. Bg5 Bg7 6. Qd2 Ne4 7. Qc1 c5 8. Be3
Qa5 9. Bd2 Nxd2 10. Qxd2 Na6 11. e3 Nc7 12. Be2 e5 13. O-O O-O 14. Rfd1 Ne6 15.
dxe5 dxe5 16. h4 Rd8 17. Nd5 Qxd2 18. Rxd2 Kf7 19. Rad1 e4 20. Ng5+ Nxg5 21.
hxg5 Be6 22. f4 Rd6 23. Nc3 Rxd2 24. Rxd2 Rc8 25. Nb5 Rc6 26. b3 a6 27. Na3 Ke7
28. Kf1 Rd6 29. Rc2 Kd7 30. Ke1 Kc6 31. Nb1 Rd8 32. Nc3 Rd7 33. Nd1 h6 34. gxh6
Bf6 35. Nf2 Bh4 36. Kf1 Rh7 37. g4 Bxf2 38. Kxf2 Rxh6 39. gxf5 Bxf5 40. Bf1
Rh2+ 41. Bg2 Bh3 42. Kf1 Rxg2 43. Rxg2 Bxg2+ 44. Kxg2 Kd6 45. Kg3 Ke6 46. Kg4
Kf6 47. Kh3 g5 48. fxg5+ Kxg5 1/2-1/2

[Event "V Open"]
[Site "Crema ITA"]
[Date "2003.09.07"]
[Round "6"]
[White "Di Giuseppe, Giovanni"]
[Black "Maddaloni, Giovanni"]
[Result "1/2-1/2"]
[WhiteElo "1500"]
[BlackElo "1679"]
[PlyCount "33"]
[EventDate "2003.09.05"]

1. d4 Nf6 2. c4 c5 3. d5 e5 4. Nc3 d6 5. e4 Be7 6. Nf3 O-O 7. Be2 Nbd7 8. O-O
a6 9. a4 Ne8 10. Qc2 g6 11. Bh6 Ng7 12. Ne1 Nf6 13. h3 Nfe8 14. f4 exf4 15.
Bxf4 g5 16. Bh2 f5 17. e5 1/2-1/2

[Event "V Open"]
[Site "Crema ITA"]
[Date "2003.09.07"]
[Round "6"]
[White "Donnoli, Giorgio"]
[Black "Bertoletti, Vincenzo"]
[Result "1-0"]
[WhiteElo "1485"]
[BlackElo "1338"]
[PlyCount "72"]
[EventDate "2003.09.05"]

1. d4 d5 2. c4 c6 3. cxd5 Qxd5 4. Nc3 Qa5 5. e3 Nf6 6. Bd2 e6 7. a3 Bd6 8. Bd3
Qc7 9. Nf3 Nbd7 10. Qc2 e5 11. dxe5 Nxe5 12. Nxe5 Bxe5 13. h3 Be6 14. Ne4 Rd8
15. Nxf6+ Bxf6 16. Bb4 Be7 17. Bxe7 Qxe7 18. Bxh7 g6 19. Bxg6 fxg6 20. Qxg6+
Qf7 21. Qxf7+ Kxf7 22. Rd1 Bd5 23. f3 Rdg8 24. Kf2 Rd8 25. e4 Bb3 26. Rxd8 Rxd8
27. Ke3 Bc2 28. Rc1 Bb3 29. Rc3 Be6 30. Rd3 Rg8 31. g4 Rh8 32. b4 Rxh3 33. Kf4
Rh8 34. Kg3 Ke7 35. f4 a6 36. f5 Bc4 1-0

[Event "V Open"]
[Site "Crema ITA"]
[Date "2003.09.07"]
[Round "6"]
[White "Epitome, Nando"]
[Black "Dassisti, Alberto"]
[Result "0-1"]
[WhiteElo "1594"]
[BlackElo "1807"]
[PlyCount "54"]
[EventDate "2003.09.05"]

1. d4 d5 2. c4 c6 3. Nc3 dxc4 4. a4 e6 5. Nf3 Bb4 6. Bd2 Nf6 7. e3 Bxc3 8. Bxc3
b5 9. axb5 cxb5 10. Be2 a5 11. O-O Nd5 12. e4 Nxc3 13. bxc3 O-O 14. Qc2 Ba6 15.
Rfd1 Qc7 16. Nd2 Nd7 17. Bf3 e5 18. d5 Rfb8 19. Bg4 Nf6 20. Bh3 b4 21. cxb4
axb4 22. Rab1 c3 23. Nb3 Bc4 24. Nc1 Qa5 25. d6 Rd8 26. Nb3 Qa2 27. Qxa2 Rxa2
0-1

[Event "V Open"]
[Site "Crema ITA"]
[Date "2003.09.07"]
[Round "6"]
[White "Ficco, Corrado"]
[Black "Vecchia, Mario"]
[Result "1-0"]
[WhiteElo "2098"]
[BlackElo "1746"]
[PlyCount "87"]
[EventDate "2003.09.05"]

1. e4 d5 2. exd5 Nf6 3. c4 e6 4. d4 exd5 5. Nf3 Bg4 6. Be2 c6 7. O-O Be7 8. Qb3
Qb6 9. c5 Qxb3 10. axb3 Nbd7 11. Nc3 O-O 12. h3 Bh5 13. Re1 Rfe8 14. Bf4 Nf8
15. b4 Ne6 16. Be3 a6 17. Ng5 Bd8 18. Nxe6 Rxe6 19. Bxh5 Nxh5 20. b5 Bc7 21.
bxa6 bxa6 22. Ra4 Bf4 23. Rea1 Bxe3 24. fxe3 g6 25. Rxa6 Rxa6 26. Rxa6 Ng3 27.
Kf2 Nf5 28. Nd1 h5 29. b4 h4 30. Ra3 Kg7 31. Rb3 Rf6 32. Ke1 Ng3 33. Nf2 Re6
34. Ng4 Nf5 35. Kd2 Ng3 36. b5 Ne4+ 37. Kc2 cxb5 38. Rxb5 Ra6 39. Ne5 Ra2+ 40.
Rb2 Ra3 41. Rb7 Rxe3 42. Rxf7+ Kg8 43. Rd7 Re2+ 44. Kb3 1-0

[Event "V Open"]
[Site "Crema ITA"]
[Date "2003.09.07"]
[Round "6"]
[White "Folcini, Gaddo"]
[Black "Benedetti, Maurizio"]
[Result "0-1"]
[WhiteElo "1356"]
[BlackElo "1564"]
[PlyCount "82"]
[EventDate "2003.09.05"]

1. d4 Nf6 2. e4 Nxe4 3. Nf3 d5 4. Ne5 Nd7 5. Nxf7 Kxf7 6. Qh5+ g6 7. Qxd5+ e6
8. Qxe4 Nf6 9. Bg5 Qd5 10. Qh4 Ne4 11. Qf4+ Qf5 12. Qxc7+ Kg8 13. Qf4 Nxg5 14.
Qxf5 exf5 15. Bc4+ Be6 16. d5 Bf7 17. O-O Rd8 18. Rd1 Bc5 19. Bb3 Ne4 20. Kf1
Nxf2 21. Rd2 Ng4 22. g3 Ne3+ 23. Ke1 Bxd5 24. c4 Re8 25. cxd5 Nc2+ 26. Kd1 Nxa1
27. Bc4 Re4 28. b3 Kg7 29. Nc3 Re3 30. Nb5 Rhe8 31. Kc1 Bb4 32. Rg2 a6 33. Nc7
Ba3+ 34. Kd2 Bb4+ 35. Kc1 Re1+ 36. Kb2 R8e3 37. Ne6+ Kh6 38. a3 Bc3+ 39. Ka2 b5
40. d6 bxc4 41. bxc4 R3e2+ 0-1

[Event "V Open"]
[Site "Crema ITA"]
[Date "2003.09.07"]
[Round "6"]
[White "Frova, Martino"]
[Black "Albrizio, Mauro"]
[Result "1/2-1/2"]
[WhiteElo "1600"]
[BlackElo "1455"]
[PlyCount "100"]
[EventDate "2003.09.05"]

1. e4 e6 2. d4 d5 3. e5 c5 4. c3 Bd7 5. Nf3 Qb6 6. b3 cxd4 7. cxd4 Bb5 8. Be2
Bxe2 9. Qxe2 Ne7 10. O-O Nf5 11. Bb2 Nc6 12. Rd1 Be7 13. g4 Nh4 14. Nxh4 Bxh4
15. Na3 a6 16. Nc2 O-O 17. f4 Rac8 18. g5 Ne7 19. Ne3 Nf5 20. Nxf5 exf5 21. Kg2
h6 22. Ba3 Rfe8 23. Bd6 hxg5 24. Qd3 g6 25. Bc5 Qd8 26. fxg5 Qxg5+ 27. Kh1 Qg4
28. Rg1 Qe4+ 29. Qxe4 fxe4 30. Raf1 Be7 31. Bxe7 Rxe7 32. Rf6 Kg7 33. Rd6 Rc2
34. Rxd5 Rxa2 35. Re1 Rb2 36. Rxe4 Rxb3 37. Re2 Rd3 38. Rd6 Rc3 39. Kg2 Rc6 40.
Rxc6 bxc6 41. Rc2 Re6 42. Kf3 Kf8 43. Kf4 Kg7 44. Ra2 f6 45. Rxa6 fxe5+ 46.
dxe5 Kf7 47. Ra7+ Re7 48. Rxe7+ Kxe7 49. Kg5 c5 50. Kf4 Ke6 1/2-1/2

[Event "V Open"]
[Site "Crema ITA"]
[Date "2003.09.07"]
[Round "6"]
[White "Garofalo, Sergio"]
[Black "Festa, Samuele"]
[Result "0-1"]
[WhiteElo "1657"]
[BlackElo "1741"]
[PlyCount "80"]
[EventDate "2003.09.05"]

1. d4 f5 2. e4 fxe4 3. Nc3 Nf6 4. Bg5 c6 5. f3 e3 6. Bxe3 d5 7. Bd3 Qc7 8. Nge2
Nbd7 9. Qd2 e5 10. Bf5 Bd6 11. g4 exd4 12. Bxd4 Ne5 13. Bxe5 Bxe5 14. Bxc8 Rxc8
15. O-O-O O-O 16. Kb1 Qa5 17. Qd3 Nd7 18. f4 Bxc3 19. Nxc3 Rxf4 20. Qe3 Rcf8
21. Qe6+ R4f7 22. Ne4 Nc5 23. Nxc5 Qxc5 24. Rde1 Qa5 25. h4 Qd8 26. g5 Qd7 27.
Qe3 d4 28. Qb3 Qd5 29. Qxd5 cxd5 30. h5 Rf2 31. Kc1 Rc8 32. g6 Rcxc2+ 33. Kb1
Rxb2+ 34. Ka1 Rxa2+ 35. Kb1 Rae2 36. Rd1 Rd2 37. Rxd2 Rxd2 38. Re1 hxg6 39.
hxg6 Kf8 40. Re5 Rg2 0-1

[Event "V Open"]
[Site "Crema ITA"]
[Date "2003.09.07"]
[Round "6"]
[White "Gilardone, Adriano"]
[Black "Borboni, Paolo"]
[Result "1-0"]
[WhiteElo "1837"]
[BlackElo "1629"]
[PlyCount "83"]
[EventDate "2003.09.05"]

1. e4 d6 2. d4 Nf6 3. Bd3 g6 4. c4 Bg7 5. Ne2 O-O 6. Nbc3 e5 7. d5 Na6 8. f3
Nh5 9. O-O f5 10. f4 exf4 11. Nxf4 Nxf4 12. Rxf4 Be5 13. Rf3 f4 14. Be2 g5 15.
Rf1 Rf6 16. Bg4 Rh6 17. Bd2 Rh4 18. Be2 Qe8 19. Be1 Rh6 20. Bg4 Bd7 21. Qf3 Qc8
22. Bxd7 Qxd7 23. h3 Rf8 24. Rd1 Rf7 25. Qg4 Qxg4 26. hxg4 Nc5 27. b4 Bxc3 28.
bxc5 Bxe1 29. Rfxe1 dxc5 30. e5 Rh4 31. d6 cxd6 32. exd6 Rd7 33. Re6 Kf7 34.
Rde1 Rd8 35. Re7+ Kf8 36. d7 Rxg4 37. Re8+ Kf7 38. Rxd8 f3 39. Rf8+ Kg6 40.
d8=Q Rxg2+ 41. Kf1 Rg3 42. Qe8+ 1-0

[Event "V Open"]
[Site "Crema ITA"]
[Date "2003.09.07"]
[Round "6"]
[White "Marchesotti, Giovanni"]
[Black "Elsido, Massimo"]
[Result "1/2-1/2"]
[WhiteElo "1501"]
[BlackElo "1582"]
[PlyCount "98"]
[EventDate "2003.09.05"]

1. e4 e5 2. Nf3 Nc6 3. Bb5 a6 4. Ba4 Nf6 5. O-O b5 6. Bb3 Be7 7. Re1 d6 8. h3
O-O 9. c3 Nb8 10. d3 Nbd7 11. Be3 Bb7 12. Nbd2 c6 13. d4 c5 14. d5 c4 15. Bc2
Nc5 16. Bxc5 dxc5 17. Nxe5 Qc7 18. Ng4 Bc8 19. Nxf6+ Bxf6 20. Nf3 Be5 21. Nxe5
Qxe5 22. Qd2 Rd8 23. f4 Qd6 24. Bd1 Bb7 25. Bf3 Qd7 26. Rad1 Re8 27. Qf2 f6 28.
Qxc5 Rac8 29. Qf2 Qd6 30. Qd2 Rc7 31. Bg4 Bc8 32. Bxc8 Rcxc8 33. Qf2 Rc7 34.
Re2 Rce7 35. Rde1 h6 36. f5 Re5 37. g3 Kh7 38. Kg2 Kg8 39. Qd4 R8e7 40. Re3 Kf7
41. g4 Kg8 42. h4 Kf8 43. Kf3 Kg8 44. Qd2 Kh7 45. R3e2 Re8 46. Re3 R8e7 47. Qd4
Kg8 48. Ke2 Rd7 49. Kf3 Rde7 1/2-1/2

[Event "V Open"]
[Site "Crema ITA"]
[Date "2003.09.07"]
[Round "6"]
[White "Massa, Salvenrico"]
[Black "Insabato, Giovanbattista"]
[Result "0-1"]
[WhiteElo "1723"]
[BlackElo "2122"]
[PlyCount "66"]
[EventDate "2003.09.05"]

1. Nf3 c5 2. c4 Nc6 3. Nc3 Nf6 4. g3 g6 5. Bg2 Bg7 6. O-O O-O 7. d3 d6 8. h3
Bd7 9. Kh2 Rb8 10. a4 a6 11. Be3 Na5 12. Bd2 e6 13. Bg5 Qc7 14. e4 b5 15. axb5
axb5 16. cxb5 Bxb5 17. Nxb5 Rxb5 18. Bc1 Nb3 19. Ra4 Nxc1 20. Qxc1 Rfb8 21. Ra2
Qb6 22. e5 Nd5 23. exd6 Qxd6 24. h4 Nb4 25. Ra7 Nxd3 26. Qe3 Ne5 27. Nxe5 Qxe5
28. Qf3 Qf5 29. Qxf5 gxf5 30. h5 h6 31. Kh3 Rxb2 32. Rc7 Bd4 33. f3 Rd2 0-1

[Event "V Open"]
[Site "Crema ITA"]
[Date "2003.09.07"]
[Round "6"]
[White "Mazzariol, Oscar"]
[Black "Ferrari, Claudio"]
[Result "0-1"]
[WhiteElo "2049"]
[BlackElo "1630"]
[PlyCount "60"]
[EventDate "2003.09.05"]

1. e4 e5 2. f4 Bc5 3. Nf3 d6 4. c3 Bg4 5. Bc4 Bxf3 6. Qxf3 Nf6 7. fxe5 dxe5 8.
d4 Bd6 9. O-O O-O 10. Bg5 Nbd7 11. Nd2 c6 12. Qg3 Qe7 13. Rxf6 Nxf6 14. Rf1
exd4 15. Qh4 Qe5 16. Rf4 dxc3 17. bxc3 Qc5+ 18. Rf2 Nd7 19. Qh3 Qxg5 20. Rxf7
Bc5+ 21. Kh1 Rxf7 22. Qxd7 Rd8 23. Qxf7+ Kh8 24. Nf1 b5 25. Bd3 Rf8 26. Qc7 Qc1
27. h4 Rxf1+ 28. Bxf1 Qxf1+ 29. Kh2 Bg1+ 30. Kg3 Qd3+ 0-1